Normal view
MARC view
- Theraja, B. L. [from old catalog]
Entry Personal Name
001 - CONTROL NUMBER
- control field: 41231
003 - CONTROL NUMBER IDENTIFIER
- control field: NUST
005 - DATE AND TIME OF LATEST TRANSACTION
- control field: 20210314132013.0
008 - FIXED-LENGTH DATA ELEMENTS
- fixed length control field: 210314|| aca||aabn | a|a d
040 ## - CATALOGING SOURCE
- Original cataloging agency: NUST
- Transcribing agency: NUST
100 ## - HEADING--PERSONAL NAME
- Personal name: Theraja, B. L. [from old catalog]
670 ## - SOURCE DATA FOUND
- Source citation: Work cat.: (NUST): Theraja, B. L. [from old catalog], Advanced problems in electrical engineering for the examinations of B. Sc., 1977
